000 00668nam a22001817a 4500
008 160503b xxu||||| |||| 00| 0 eng d
020 _a971-11-0890-9
082 _22005
_aDFil 920
_bC21r
100 _97280
_aCapino, Diosdado G.
245 _aRizal's life, works and writings:
_btheir impact on our national identity/
_cDiosdado G. Capino, Ma. Minerva A. Gonzalez and Filipinas E. Pineda.
260 _aMakati City:
_bGoodwill Trading Co.,
_cc2005.
300 _axx, 271 pages;
_c25 cm.
500 _aIncludes index.
650 0 _97283
_aJose Rizal
_xBiography.
700 _97281
_aGonzlez, Ma. Minerva A.
700 _97282
_aPineda, Filipinas E.
942 _2ddc
_cDFIL
999 _c2226
_d2226